| 000 | 00574nam a22001937a 4500 | ||
|---|---|---|---|
| 003 | OSt | ||
| 005 | 20130620095013.0 | ||
| 008 | 130605s1996 sp ||||| |||| 00| 0 spa d | ||
| 020 | _a8488370105 | ||
| 040 | _cCDMR | ||
| 100 | 1 |
_93691 _aLaviana, Juan Carlos |
|
| 245 | 1 | 4 |
_aLos chicos de la prensa _cJuan Carlos Laviana ; prólogo de Manuel Hidalgo |
| 260 |
_aMadrid _bNickel Odeón Dos _c1996 |
||
| 300 | _a424 p. | ||
| 490 |
_aNickel Odeon _v9 |
||
| 650 | 0 | 4 |
_93454 _aCinematrografia _vHistòria i crítica |
| 650 | 0 | 4 |
_93841 _aPeriodisme en la cinematografia |
| 942 |
_2udc _cMON |
||
| 999 |
_c6411 _d6411 |
||